El peso de la derrota (Record no. 18836)

MARC details
000 -LEADER
campo de control de longitud fija 00783nam a2200241 i 4500
001 - NÚMERO DE CONTROL
campo de control 18836
003 - IDENTIFICADOR DE NÚMERO DE CONTROL
campo de control ES-MaACL
007 - CAMPO FIJO DE DESCRIPCIÓN FÍSICA--INFORMACIÓN GENERAL
campo de control de longitud fija t|
008 - DATOS DE LONGITUD FIJA--INFORMACIÓN GENERAL
campo de control de longitud fija 020320s1974 sp ||||1| spa d
020 ## - NÚMERO INTERNACIONAL ESTÁNDAR DEL LIBRO
Número Internacional Estándar del Libro 84-85141-00-8
080 ## - NÚMERO DE LA CLASIFICACIÓN DECIMAL UNIVERSAL
Número de la Clasificación Decimal Universal 325.254.4:32(460)"1939/75"
080 ## - NÚMERO DE LA CLASIFICACIÓN DECIMAL UNIVERSAL
Número de la Clasificación Decimal Universal 32(460)"1939/75":325.254.4
100 0# - ENTRADA PRINCIPAL--NOMBRE DE PERSONA
Nombre de persona Bravo-Tellado, A. A.
9 (RLIN) 31505
245 13 - MENCIÓN DEL TÍTULO
Título El peso de la derrota
Resto del título : 1939-1944: la tragedia de medio millón de españoles en el exilio /
Mención de responsabilidad, etc. A.A. Bravo-Tellado.
250 ## - MENCION DE EDICION
Mención de edición [1ª ed.].
260 ## - PUBLICACIÓN, DISTRIBUCIÓN, ETC.
Lugar de publicación, distribución, etc. Madrid :
Nombre del editor, distribuidor, etc. Edifrans,
Fecha de publicación, distribución, etc. 1974.
300 ## - DESCRIPCIÓN FÍSICA
Extensión 364 p. :
Otras características físicas il. ;
Dimensiones 21 cm.
500 ## - NOTA GENERAL
Nota general Biblioteca Juan Andrade.
650 14 - PUNTO DE ACCESO ADICIONAL DE MATERIA--TÉRMINO DE MATERIA
Término de materia o nombre geográfico como elemento de entrada Exiliados españoles.
9 (RLIN) 12656
852 ## - LOCALIZACIÓN
Ubicación ES-MaACL
Número de control de estantería G-7073
Sublocalización o colección R.130917
852 ## - LOCALIZACIÓN
Ubicación ES-MaACL
Número de control de estantería AND-249
Sublocalización o colección R.109567
Holdings
Estatus retirado Estado de pérdida Estado de daño No para préstamo Biblioteca de origen Biblioteca actual Ubicación en estantería Fecha de adquisición Fuente de adquisición Total de préstamos Signatura topográfica completa Código de barras Visto por última vez Precio de reemplazo Tipo de ítem Koha
        Biblioteca del Ateneo de Madrid Biblioteca del Ateneo de Madrid Depósito 2 17/01/2008     AND-249 1019274 23/02/2023 23/02/2023 Libro impreso
        Biblioteca del Ateneo de Madrid Biblioteca del Ateneo de Madrid Depósito 2 17/01/2008     G-7073 1019273 23/02/2023 23/02/2023 Libro impreso